Đánh giá những thuận lợi và khó khăn trong quy trình cấp giấy chứng nhận quyền sử dụng đất, quyền sở hữu nhà ở và tài sản khác gắn liền với đất tại huyện Lấp Vò tỉnh Đồng Tháp Khóa luận tốt nghiệp : Ngành Quản lý đất đai :Trình độ : Đại học

Guardado en:
Detalles Bibliográficos
Autor principal: Lê, Thị Kim Chi
Otros Autores: Ngô, Thạch Thảo Ly
Formato: Tesis Conjunto Libro
Lenguaje:Vietnamese
Publicado: Đồng Tháp Trường Đại học Đồng Tháp 2014
Materias:
Etiquetas: Agregar Etiqueta
Sin Etiquetas, Sea el primero en etiquetar este registro!
Thư viện lưu trữ: Trung tâm Học liệu Lê Vũ Hùng, Trường Đại học Đồng Tháp
LEADER 01561ppm a22003618a 4500
001 00032530
005 20171026081025.0
008 140930s2014 ||||||viesd
041 0 # |a vie 
082 1 4 |a 333.33  |b Đ107GI 
100 0 # |a Lê, Thị Kim Chi 
245 1 0 |a Đánh giá những thuận lợi và khó khăn trong quy trình cấp giấy chứng nhận quyền sử dụng đất, quyền sở hữu nhà ở và tài sản khác gắn liền với đất tại huyện Lấp Vò tỉnh Đồng Tháp  |b Khóa luận tốt nghiệp : Ngành Quản lý đất đai :Trình độ : Đại học  |c Lê Thị Kim Chi; Ngô Thạch Thảo Ly (hướng dẫn) 
260 # # |a Đồng Tháp  |b Trường Đại học Đồng Tháp  |c 2014 
300 # # |e 1 bản tóm tắt  |a 58 tr.  |c 30 cm. 
500 # # |a ĐTTTS ghi: Bộ Giáo dục và Đào tạo. Trường Đại học Đồng Tháp. Khoa Tài nguyên và môi trường 
653 # # |a Giấy chứng nhận 
653 # # |a Đất đai 
653 # # |a Sử dụng 
653 # # |a Sở hữu 
653 # # |a Khóa luận 
653 # # |a Huyện Lấp Vò 
700 1 # |a Ngô, Thạch Thảo Ly  |e hướng dẫn 
852 # # |j KD.0016089  |b Kho đọc 
852 # # |j KD.0016089 
910 0 # |d 30/9/2014 
980 # # |a Trung tâm Học liệu Lê Vũ Hùng, Trường Đại học Đồng Tháp